|
|
|
|
| LEADER |
00000nam0a2200000 4500 |
| 001 |
329087 |
| 005 |
20231102004127.0 |
| 035 |
|
|
|a (RuTPU)RU\TPU\book\354829
|
| 090 |
|
|
|a 329087
|
| 100 |
|
|
|a 20170306d1965 m y0rusy50 ca
|
| 101 |
0 |
|
|a rus
|
| 102 |
|
|
|a RU
|
| 105 |
|
|
|a a z 000zy
|
| 200 |
1 |
|
|a Комсомольская площадь
|f Б. К. Пукинский
|
| 210 |
|
|
|a Ленинград
|c Лениздат
|d 1965
|
| 215 |
|
|
|a 43 с.
|c ил.
|
| 225 |
1 |
|
|a Туристу о Ленинграде
|
| 606 |
1 |
|
|a Архитектурные памятники городов
|x История
|2 stltpush
|3 (RuTPU)RU\TPU\subj\29494
|9 52809
|
| 610 |
1 |
|
|a туризм
|
| 610 |
1 |
|
|a Ленинград
|
| 610 |
1 |
|
|a Санкт-Петербург
|
| 610 |
1 |
|
|a архитектурные ансамбли
|
| 610 |
1 |
|
|a история
|
| 610 |
1 |
|
|a путеводители
|
| 675 |
|
|
|a 711.424
|v 4
|
| 700 |
|
1 |
|a Пукинский
|b Б. К.
|g Болеслав Казимирович
|
| 801 |
|
1 |
|a RU
|b 63413507
|c 20170306
|
| 801 |
|
2 |
|a RU
|b 63413507
|c 20201027
|g RCR
|
| 942 |
|
|
|c BK
|